LIBRARY & INFORMATION CENTRE, KCAET, TAVANUR

ONLINE PUBLIC ACCESS CATALOGUE (OPAC)

Normal view MARC view
  • Dr. Prince M. V (Guide)

Entry Personal Name

Number of records used in: 9

001 - CONTROL NUMBER

  • control field: 3452

003 - CONTROL NUMBER IDENTIFIER

  • control field: OSt

005 - DATE AND TIME OF LATEST TRANSACTION

  • control field: 20180929123530.0

008 - FIXED-LENGTH DATA ELEMENTS

  • fixed length control field: 180929|| aca||aabn | a|a d

040 ## - CATALOGING SOURCE

  • Original cataloging agency: OSt
  • Transcribing agency: OSt

100 ## - HEADING--PERSONAL NAME

  • Personal name: Dr. Prince M. V (Guide)

670 ## - SOURCE DATA FOUND

  • Source citation: Work cat.: (OSt)15015: AMITHA M. ANAND CHIPPY JASMINE FRANCIS 3451, Studies on microwave drying and packaging of curry leaves
free website counter